El teletrabajo en las Administraciones Pb︢licas Presente y claves para el futuro /

Bibliographic Details
Main Author: Belzumegui Eraso, ℓngel
Other Authors: Erro-Garcš, Amaya, Fuentes-Gas,̤ Josep Ramon M., Pastor-Gosl̀bez, Inma, Romero Burillo, Ana
Format: eBook
Language:Spanish
Published: Madrid: Instituto Nacional de Administracin̤ Pb︢lica (INAP), 2022
Subjects:
Online Access:Acceso restringido

MARC

LEADER 00000nam a22000007a 4500
005 20220817232748.0
007 cr|||| ||||
008 220817s2022 es |||||s|||| 00||0 spa d
020 |a 978-84-7351-743-0 
035 |a 36867 
040 |a vLex 
090 |c 13743  |d 13743 
100 1 |a Belzumegui Eraso, ℓngel 
245 1 2 |a  El teletrabajo en las Administraciones Pb︢licas  |h [Recurso electrn̤ico] :  |b Presente y claves para el futuro /  |c ℓngel Belzumegui Eraso, Amaya Erro-Garcš, Josep Ramon M. Fuentes-Gas,̤ Inma Pastor-Gosl̀bez, Ana Romero Burillo 
256 |a Servicio en ln̕ea 
260 |a Madrid:  |b Instituto Nacional de Administracin̤ Pb︢lica (INAP),  |c 2022 
300 |a 1 recurso electrn̤ico 
500 |a El texto que tienen en sus manos se divide en dos grandes secciones. En la primera parte encontrarǹ, en primer lugar, un estado de la cuestin̤ que permite situar y conocer el desarrollo del teletrabajo en la AP en los meses de la pandemia. Posteriormente, abordamos cm̤o se ha implementado el teletrabajo y sobre los elementos a considerar desde un enfoque de gňero. En tercer lugar, se exponen los resultados de una serie de entrevistas realizadas en la parte cualitativa del estudio, aportando resumidamente las opiniones de las empleadas y empleados de la AP acerca del teletrabajo. A continuacin̤, recogemos los datos de la encuesta realizada a las trabajadoras y trabajadores de las Administraciones pb︢licas, encuesta que incluye tanto indicadores objetivos como de percepcin̤ y opinin̤ acerca de cm̤o han vivido su experiencia de teletrabajo. Y, finalmente, incluimos un apartado de conclusiones de las que se pueden derivar recomendaciones si finalmente el teletrabajo es una manera de organizar la prestacin̤ laboral de las Administraciones pb︢licas. En la segunda parte del texto, se analiza el teletrabajo desde un punto de vista jurd̕ico. Se abordan diferentes aspectos de la legislacin̤, o de la falta de la misma, que afectan al desempeǫ de las actividades en las Administraciones pb︢licas 
506 1 |a Disponible solo en los productos indicados  |d vLex Global  |d vLex Global (Academic Edition, excluding Law Schools)  |d vLex Global (U.S. Academic Edition, Law Schools)  |d vLex Global (U.S. Academic Edition, excluding Law Schools)  |d vLex Global (Academic Edition, Law Schools) 
650 0 4 |a Nuevas tecnologa̕s  |z Espaą 
650 0 4 |a Administracin̤ Pb︢lica  |z Espaą 
650 0 4 |a Derecho Pb︢lico y Administrativo  |z Espaą 
700 1 |a Erro-Garcš, Amaya 
700 1 |a Fuentes-Gas,̤ Josep Ramon M. 
700 1 |a Pastor-Gosl̀bez, Inma 
700 1 |a Romero Burillo, Ana 
740 0 |a vLex Libros (Servicio en ln̕ea) 
856 4 0 |u https://app.vlex.com/#/sources/36867  |z Acceso restringido 
942 |c BOOK 
999 0 |a New technologies 
999 0 |a Public Administration 
999 0 |a Public and Administrative Law